000
00496nam a2200145Ia 4500
008
151213s9999 xx 000 0 und d
100
_a
মনসূর মূসা।
245
_a
বাংলাদেশের রাষ্ট্র ভাষা।
_c
মনসূর মূসা।
250
_a
১ম সং
260
_a
ঢাকা
_b
বাংলা একাডেমী।
_c
1995
300
_a
4552 p.
650
_a
Bangla
700
_a
মনসূর মূসা।
999
_c
2926
_d
2926